| 000 | 01043nam a2200253 u 4500 | ||
|---|---|---|---|
| 001 | 000054852 | ||
| 005 | 20200120222928.0 | ||
| 008 | 130529s2009 ck ad gr 000 0 spa d | ||
| 041 | 0 | _a/spa | |
| 043 | _as-ck--- | ||
| 082 | 0 | 4 |
_a331.3109861 _bC65 _221 |
| 110 | 2 |
_aColombia _bDepartamento administrativo nacional de estadística (DANE) |
|
| 245 | 1 | 0 |
_aAnálisis en profundidad y términos comparativos de los años 2001, 2003, 2005 y 2007 sobre el trabajo infantil / _cDepartamento Administrativo Nacional de Estadística (DANE). |
| 250 | _a1a. ed | ||
| 260 |
_aBogotá : _bDANE : _bMinisterio de la Protección Social : _bBienestar Familiar, _c2009. |
||
| 300 |
_a456 p. : _bil., gráfs. |
||
| 504 | _aIncluye bibliografía. | ||
| 650 | 1 | 7 |
_aTrabajo infantil _zColombia _y2001. _2LEMB. |
| 650 | 2 | 7 |
_aTrabajo infantil _zColombia _y2003 _2LEMB. |
| 650 | 2 | 7 |
_aTrabajo infanti _zColombia _y2005 _2LEMB. |
| 650 | 2 | 7 |
_aTrabajo infantil _xCaracterirticas _zColombia _2LEMB. |
| 650 | 2 | 7 |
_aAdolescentes _2LEMB. |
| 650 | 2 | 7 |
_aEsolaridad _xTrabajo infantil _2LEMB. |
| 999 |
_c4423 _d4423 |
||